[Event "Pays de Loire-chT"]
[Site "Cholet"]
[Date "2009.??.??"]
[Round "5"]
[White "Georget, Rene"]
[Black "Vigan, Charlie"]
[Result "0-1"]
[WhiteElo "1150"]
[BlackElo "1099"]
[PlyCount "68"]
[EventDate "2009.06.??"]
[EventType "team-tourn"]
[EventRounds "6"]
[EventCountry "FRA"]
[SourceTitle "EXT 2010"]
[Source "ChessBase"]
[SourceDate "2010.11.25"]
[SourceVersion "1"]
[SourceVersionDate "2010.11.25"]
[SourceQuality "1"]

1. d4 e6 2. e3 Nf6 3. Nf3 Nc6 4. Be2 Bd6 5. c3 Ng4 6. Nbd2 b6 7. Ne4 Qe7 8. Nxd6+ Qxd6 9. Bd2 Bb7 10. h3 Qe7 11. hxg4 Qf6 12. Qc2 g6 13. e4 h5 14. g5 Qg7 15. e5 0-0-0 16. b4 Rh7 17. b5 Ne7 18. Qa4 Kb8 19. Qa3 Nf5 20. Nh4 Rdh8 21. Nxf5 gxf5 22. Kf1 h4 23. Qe7 h3 24. g3 Bxh1 25. Kg1 Bb7 26. Kh2 f6 27. Qxg7 Rxg7 28. gxf6 Rg6 29. Bf4 c6 30. a4 cxb5 31. axb5 Rgg8 32. Ra4 Rc8 33. c4 Rhg8 34. Kxh3 Rh8+ 0-1

[Event "Pays de Loire-chT"]
[Site "Cholet"]
[Date "2009.??.??"]
[Round "4"]
[White "Laudat, Philippe"]
[Black "Georget, Rene"]
[Result "1-0"]
[WhiteElo "1405"]
[BlackElo "1150"]
[PlyCount "95"]
[EventDate "2009.06.??"]
[EventType "team-tourn"]
[EventRounds "6"]
[EventCountry "FRA"]
[SourceTitle "EXT 2010"]
[Source "ChessBase"]
[SourceDate "2010.11.25"]
[SourceVersion "1"]
[SourceVersionDate "2010.11.25"]
[SourceQuality "1"]

1. d4 g6 2. Bf4 Bg7 3. e3 Nf6 4. Bd3 0-0 5. Qd2 b6 6. e4 Bb7 7. Nc3 a6 8. Bh6 Ng4 9. Bxg7 Kxg7 10. f3 Nh6 11. h4 e6 12. g4 f6 13. Nh3 Nc6 14. g5 Nf7 15. d5 Nce5 16. Be2 b5 17. f4 Nc4 18. Bxc4 bxc4 19. Qd4 e5 20. Qxc4 exf4 21. Nxf4 Ne5 22. Qe2 fxg5 23. Nh3 Nf3+ 24. Kd1 gxh4 25. e5 Qe8 26. e6 dxe6 27. dxe6 Qd8+ 28. Kc1 Nd4 29. Qe5+ Qf6 30. Qxf6+ Rxf6 31. Re1 Nxe6 32. b3 Bc8 33. Kb2 Rf7 34. Rad1 h6 35. Nd5 Nc5 36. Nhf4 c6 37. Nb6 Rb8 38. Nxc8 Rxf4 39. Ne7 Na4+ 40. Ka1 Nc3 41. Rd7 Rf6 42. Nxc6+ Rf7 43. Rxf7+ Kxf7 44. Nxb8 Kf6 45. Nd7+ Kf5 46. Rf1+ Kg4 47. Rg1+ Kh5 48. Nf6# 1-0

[Event "Pays de Loire-chT"]
[Site "Cholet"]
[Date "2009.??.??"]
[Round "6"]
[White "Retailleau, Bernard"]
[Black "Georget, Rene"]
[Result "0-1"]
[WhiteElo "1140"]
[BlackElo "1150"]
[PlyCount "88"]
[EventDate "2009.06.??"]
[EventType "team-tourn"]
[EventRounds "6"]
[EventCountry "FRA"]
[SourceTitle "EXT 2010"]
[Source "ChessBase"]
[SourceDate "2010.11.25"]
[SourceVersion "1"]
[SourceVersionDate "2010.11.25"]
[SourceQuality "1"]

1. e4 Nc6 2. Nf3 Nf6 3. Nc3 e5 4. Bd3 Bd6 5. 0-0 0-0 6. h3 Nh5 7. Nxe5 Nf4 8. Qf3 Bxe5 9. Nd5 Nd4 10. Qd1 Ng6 11. c3 Ne6 12. g3 c6 13. Ne3 Qg5 14. Ng2 Qh6 15. Kh2 Nc5 16. Qf3 d6 17. h4 Qxh4+ 18. Nxh4 Nxh4 19. Qh5 Ng6 20. Qf3 Nh4 21. Qe3 f5 22. Bc4+ Kh8 23. Qg5 Nf3+ 24. Kg2 Nxg5 25. d4 Ngxe4 26. dxe5 dxe5 27. f4 Nd6 28. Be3 Na4 29. b3 Nxc3 30. Bc5 Rd8 31. fxe5 Nde4 32. Be7 Rd2+ 33. Kf3 Rxa2 34. Rxa2 Nxa2 35. Kf4 Nd2 36. Rd1 h6 37. Rxd2 g5+ 38. Ke3 b5 39. Rd8+ Kg7 40. Bf6+ Kg6 41. Rg8+ Kh5 42. Kf3 bxc4 43. bxc4 c5 44. e6 Bb7+ 0-1